Residential landscape sustainability : (Record no. 121384)
[ view plain ]
| 000 -LEADER | |
|---|---|
| fixed length control field | 00989aam a2200313 a 4500 |
| 003 - CONTROL NUMBER IDENTIFIER | |
| control field | UkOxU |
| 005 - DATE AND TIME OF LATEST TRANSACTION | |
| control field | 20230301161328.0 |
| 008 - FIXED-LENGTH DATA ELEMENTS--GENERAL INFORMATION | |
| fixed length control field | 230301s2008 enka b 001 0 eng d |
| 010 ## - LIBRARY OF CONGRESS CONTROL NUMBER | |
| LC control number | 2007011458 |
| 020 ## - INTERNATIONAL STANDARD BOOK NUMBER | |
| ISBN | 9781405158732 (hbk.) |
| 020 ## - INTERNATIONAL STANDARD BOOK NUMBER | |
| ISBN | 1405158735 (hbk.) |
| 041 ## - LANGUAGE CODE | |
| Language code of text/sound track or separate title | eng |
| 082 00 - DEWEY DECIMAL CLASSIFICATION NUMBER | |
| Classification number | 711.58 |
| 100 1# - MAIN ENTRY--PERSONAL NAME | |
| Personal author | Smith, Carl, |
| 245 10 - TITLE STATEMENT | |
| Title | Residential landscape sustainability : |
| Subtitle | a checklist tool / |
| Statement of responsibility, etc | Carl Smith, Andy Clayden, Nigel Dunnett. |
| 260 ## - PUBLICATION INFORMATION | |
| Place of publication | Oxford : |
| Publisher | Blackwell, |
| Date | 2008. |
| 300 ## - PHYSICAL DESCRIPTION | |
| Physical description | vii, 197 p. : |
| Other physical details | ill. (chiefly col.) ; |
| Dimensions | 26 cm. |
| 504 ## - BIBLIOGRAPHY, ETC. NOTE | |
| Bibliography, etc | Includes bibliographical references and index. |
| 650 #0 - KEYWORDS | |
| Keywords | Landscape design |
| 650 #0 - KEYWORDS | |
| Keywords | Sustainable horticulture |
| 650 #0 - KEYWORDS | |
| Keywords | Ecological houses |
| 651 ## - SUBJECT ADDED ENTRY--GEOGRAPHIC NAME | |
| Geographic name | United Kingdom |
| 700 1# - ADDED PERSONAL NAME | |
| Added personal author | Clayden, Andy |
| 700 1# - ADDED PERSONAL NAME | |
| Added personal author | Smith, Carl |
| 700 1# - ADDED PERSONAL NAME | |
| Added personal author | Dunnett, Nigel |
| 856 41 - ONLINE RESOURCE | |
| Uniform Resource Identifier | <a href="http://www.loc.gov/catdir/toc/ecip0713/2007011458.html">http://www.loc.gov/catdir/toc/ecip0713/2007011458.html</a> |
| Public note | Table of contents |
| 942 ## - ADDED ENTRY ELEMENTS (KOHA) | |
| Suppress in OPAC | Do not suppress in OPAC |
| Lost status | Damaged status | Not for loan | Home library | Current library | Shelving location | Date acquired | Total Checkouts | Full call number | Date last seen | Price effective from | Koha item type |
|---|---|---|---|---|---|---|---|---|---|---|---|
| London | London | Books | 01/03/2023 | 711.58 | 01/03/2023 | 01/03/2023 | Book |